Statistics for Islands Divided Between Several Countries

Click here to take the quiz!

General Stats

  • This quiz has been taken 5,928 times
    (3,866 since last reset)
  • The average score is 17 of 32

Answer Stats

Answer% Correct
Indonesia
95%
Malaysia
92%
Ireland
91%
Papua New Guinea
91%
United Kingdom
91%
Dominican Republic
87%
Haiti
87%
Borneo
86%
Brunei
86%
Hispaniola
82%
East Timor
79%
New Guinea
79%
Cyprus
74%
Northern Cyprus (unrecognised)
71%
France
69%
Timor
65%
Netherlands
60%
Russia
57%
China
54%
Saint Martin
52%
Argentina
39%
Chile
38%
Germany
31%
Poland
26%
Isla Grande de Tierra del Fuego
23%
Venezuela
10%
Guyana
9%
Usedom
8%
Sebatik Island
3%
Bolshoy Ussuriyskiy Island
2%
Abagaitu Islet
1%
Corocoro Island
1%

Score Distribution

Percentile by Number Answered

Percent of People with Each Score

Your Score History

You have not taken this quiz since the last reset